000 00614nam a2200205 i 4500
001 bg
100 1 _aGRZESIKIEWICZ, Zbigniew
245 1 0 _aUtrata wartości aktywów :
_bkwalifikacja i wycena /
_cZbigniew Grzesikiewicz.
260 _aWarszawa :
_bStowarzyszenie Księgowych w Polsce,
_c2003.
300 _a115 s. ;
_c24 cm.
504 _aBibliogr.
650 9 _aRachunkowość
_xprawo
_zPolska
_ystan na 2003 r.
020 _a8372281319
040 _cBPK
041 0 _apol
080 _a347.728.1:657:658.14/.17](438)
920 _a83-7228-131-9
942 _cKS
008 s pl f |000 0 pol
999 _c53718
_d53718
856 _uhttp://koha.tu.koszalin.pl/cgi-bin/koha/opac-detail.pl?biblionumber=53718
_yKatalog online BPK